000 00464nam a2200181Ia 4500
005 20250326130830.0
008 250326s9999 xx 000 0 und d
037 _aTextbook
040 _aFMSL
_beng
_cFMSL
041 _aeng
_2eng
084 _aX65:8 Q9
_qFMSL
100 _aQian E E
_9741493
245 0 _aPortfolio rebalancing
_cQian E E
260 _aNY
_bNY, CRC
_c2019
300 _a248p
942 _cTB
_hX65:8 Q9
999 _c1284296
_d1284296